Culture Générale - Série 210 - Statistiques

Statistiques générales
  • Ce quiz a été pris 314 fois
  • Le résultat moyen est 6 sur 10
Statistiques - réponses
Question Réponse % Correct
De quoi l'hôpital se moque-t-il selon le célèbre proverbe ? De la Charité
97%
Quel format de papier a pour dimensions : 21 x 29,7 cm ? A4
91%
Dans quel pays pouvez-vous visiter le temple de Louxor ? L'Egypte
90%
Quel nom portent les grosses crevettes des eaux profondes de Méditerranée ? Les gambas
71%
Sur un terrain de football, quel joueur peut commettre une "arconada" ? Le gardien de but
66%
Quel superhéros donne son nom à un album de Prince en 1989 ? Batman
62%
Quel animal est Nouf-Nouf dans un dessin animé de Walt Disney ? Un cochon
42%
Quelle "marche" Karen Cheryl a-t-elle chantée en 1980 ? Des machos
12%
Quelle est la profession d'Albert Dupontel dans le film "Fauteuils d'orchestre" ? Pianiste
10%
Selon le titre de sa chanson en 1983, comment est le "Bopper" de Laurent Voulzy ? En larmes
9%
Aucun quiz correspondant
Distribution des résultats
% des personnes avec chaque résultat
Percentile par nombre de réponses
Votre historique - résultats
Vous n’avez pas pris ce quiz